000 00717nam a2200241Ia 4500
003 OSt
005 20221005083814.0
006 a|||||r|||| 00| 0
007 ta
008 221004b |||||||| |||| 00| 0 eng d
024 _a66284
037 _cTextual
040 _aCRL
_cCRL
_beng
041 _2eng
_aeng
082 _aV73:5:N7, M6
100 _aPerry Michael J.
245 0 _aConstitution, the Courts and human rights
_b An inquiry into the legitimacy of constitutional policy making by the judiciary
260 _aNew Delhi
_bWiley Eastern India
_c1986
300 _a241p.
_ccm.
650 _aHISTORY
942 _hV73:5:N7, M6
_cTEXL
_2cc
999 _c991578
_d991578